| 000 | 01011nam a2200241 a 4500 | ||
|---|---|---|---|
| 001 | 47801 | ||
| 003 | BD-RjUL | ||
| 005 | 20211209054409.0 | ||
| 008 | 160810s1978 bg ||||| |||| 00| 0 ben d | ||
| 020 | _c: Tk.5.00 | ||
| 035 | _a(BD-RjUL)47920 | ||
| 040 |
_aBD-RjUL _bben _cBD-RjUL _dBD-RjUL |
||
| 041 | _aben | ||
| 082 |
_223 _a862 _bLOK 1978 |
||
| 100 |
_aলোরকা, ফেদেরিকো গারসিয়া _9145137 |
||
| 245 | 1 | 0 |
_aখুনঝরা বিয়ে / _cমূল : ফেদেরিকো গারসিয়া লোরকা, বাংলা অনুবাদ মুস্তাফিজুর রহমান |
| 260 |
_aঢাকা : _bমুক্তধারা, _c১৯৭৮. |
||
| 300 |
_a৮০ পৃ. ; _c২৫ সেমি. |
||
| 650 |
_aস্প্যানিশ নাটক _9145138 |
||
| 650 |
_aSpanish Drama _9145139 |
||
| 700 |
_aরহমান, মুস্তাফিজুর বাংলা অনুবাদ _9145140 |
||
| 942 |
_2ddc _cBK |
||
| 999 |
_c47801 _d47801 |
||